000 00882nam a22002297a 4500
999 _c7071
_d7071
003 AR-CdUCM
008 190319b ||||| |||| 00| 0 spa d
020 _a84-252-0061-X
040 _aMUNICIPALIDAD PROVINCIAL DEL CUSCO
_cBIBLIOTECA MUNICIPAL DEL CUSCO
041 _hfre
082 _a634.9 /
_bD38
100 _aDelplace, E.
_919914
245 _aManual de arboricultura frutal /
260 _aBarcelona :
_bGustavo Gili,
_c1974.
300 _a506 páginas ;
_bIlustraciones,
_c22 cm.
505 _aObtención de los arboles frutales -- Distribución de la savia en el árbol frutal -- El cultivo frutal del aficionado y el cultivo industrial -- Cultivos especiales -- Prontuario abreviado del arboricultor aficionado ...
650 _aArboricultura
_919915
650 _aHorticultura
_919445
700 _aMuñoz Caravaca, F.
_919916
942 _2ddc
_cLIBROS
945 _aacv